POZNÁMKY Z FESTIVALU DETSKÝCH A MLÁDEŽNICKYCH SÚBOROV

Bibliographic Details
Main Author: Mačák, Ivan, 1935-2016 (Author)
Format: Article
Language:Slovak

MARC

LEADER 00000nab a2200000uu 4500
001 vtls010883469
003 SK-MaSNL
005 20260303145056.0
008 230222|1961 xo |||||||||||||||||slo|
015 |a SNBRB 
035 |a (urnnbn)urn:nbn:sk:snk:ar-0025ia 
035 |a (uuid)ac46f6a3-1d47-4bdb-b88d-1226ae017ea0 
035 |a urn:nbn:sk:snk-ab8ezo 
040 |a SNKBUCL  |b slo  |c SNKBUCL  |e AACR2 
041 0 |a slo 
044 |a xo  |c SK 
100 1 |a Mačák, Ivan,  |d 1935-2016  |4 aut  |9 52332 
245 1 0 |a POZNÁMKY Z FESTIVALU DETSKÝCH A MLÁDEŽNICKYCH SÚBOROV  |c Ivan Mačák 
773 0 |t Slovenská hudba : revue pre hudobnú kultúru  |g Roč. 5, č. 9 (1961), s. 411 
954 |a odborná, vedecká literatúra pôvodná (slovenská)  |2 lita 
958 |a OND 
958 |a EUIPO 
958 |a article10 
999 |c 2000276  |d 2002206